<?xml version="1.0" encoding="UTF-8"?>
<record
    xmlns:xsi="http://www.w3.org/2001/XMLSchema-instance"
    xsi:schemaLocation="http://www.loc.gov/MARC21/slim http://www.loc.gov/standards/marcxml/schema/MARC21slim.xsd"
    xmlns="http://www.loc.gov/MARC21/slim">

  <leader>00790nam a2200205 i 4500</leader>
  <controlfield tag="001">83443</controlfield>
  <controlfield tag="003">ES-MaACL</controlfield>
  <controlfield tag="005">20251005063056.0</controlfield>
  <controlfield tag="007">t|</controlfield>
  <controlfield tag="008">041116s1915    sp           ||||1| spa d</controlfield>
  <datafield tag="100" ind1="1" ind2=" ">
    <subfield code="a">Jaccaci, August F., </subfield>
    <subfield code="d">1857-1930</subfield>
    <subfield code="9">66140</subfield>
  </datafield>
  <datafield tag="245" ind1="1" ind2="3">
    <subfield code="a">El camino de Don Quijote </subfield>
    <subfield code="b">: (por tierras de La Mancha) / </subfield>
    <subfield code="c">por August F. Jaccaci ; traducci&#xF3;n e ilustraciones de Ram&#xF3;n Ja&#xE9;n.</subfield>
  </datafield>
  <datafield tag="260" ind1=" " ind2=" ">
    <subfield code="a">Madrid : </subfield>
    <subfield code="b">La Lectura, </subfield>
    <subfield code="c">[1915] (</subfield>
    <subfield code="f">Imp. Cl&#xE1;sica Espa&#xF1;ola)</subfield>
  </datafield>
  <datafield tag="300" ind1=" " ind2=" ">
    <subfield code="a">204 p., 19 l&#xE1;m. ; </subfield>
    <subfield code="c">18 cm.</subfield>
  </datafield>
  <datafield tag="600" ind1="1" ind2="4">
    <subfield code="a">Cervantes Saavedra, Miguel de,</subfield>
    <subfield code="d">1547-1616. </subfield>
    <subfield code="t">Don Quijote de la Mancha</subfield>
    <subfield code="9">37612</subfield>
  </datafield>
  <datafield tag="651" ind1=" " ind2="4">
    <subfield code="a">Ciudad Real (Provincia)-</subfield>
    <subfield code="x">Descripci&#xF3;n.</subfield>
    <subfield code="9">153471</subfield>
  </datafield>
  <datafield tag="700" ind1="1" ind2=" ">
    <subfield code="a">Ja&#xE9;n, Ram&#xF3;n, </subfield>
    <subfield code="d">1883-1919</subfield>
    <subfield code="9">65901</subfield>
  </datafield>
  <datafield tag="852" ind1=" " ind2=" ">
    <subfield code="a">ES-MaACL</subfield>
    <subfield code="j">F-9598</subfield>
  </datafield>
  <datafield tag="999" ind1=" " ind2=" ">
    <subfield code="c">83443</subfield>
    <subfield code="d">83443</subfield>
  </datafield>
  <datafield tag="952" ind1=" " ind2=" ">
    <subfield code="0">0</subfield>
    <subfield code="1">0</subfield>
    <subfield code="4">0</subfield>
    <subfield code="7">0</subfield>
    <subfield code="a">ATENEOM</subfield>
    <subfield code="b">ATENEOM</subfield>
    <subfield code="c">SPP2</subfield>
    <subfield code="d">2008-01-17</subfield>
    <subfield code="e">SC</subfield>
    <subfield code="l">0</subfield>
    <subfield code="o">F-9598</subfield>
    <subfield code="p">1087208</subfield>
    <subfield code="r">2023-02-23 00:00:00</subfield>
    <subfield code="w">2023-02-23</subfield>
    <subfield code="y">MONOGRAFIA</subfield>
  </datafield>
</record>
